Francouzsko-český hospodářský slovník

Salvato in:
Dettagli Bibliografici
Autore principale: Dubský, Ota
Natura: Libro
Lingua:francese
ceco
Pubblicazione: Praha Státní pedagogické nakladatelství 1964
Tags: Aggiungi Tag
Nessun Tag, puoi essere il primo ad aggiungerne!!

MARC

LEADER 00000nam a2200000 4500
001 c122816
005 20150325110634.0
041 0 |a fre 
041 0 |a cze 
044 |a CZ 
245 1 0 |a Francouzsko-český hospodářský slovník  |c Ota Dubský 
264 1 |a Praha  |b Státní pedagogické nakladatelství  |c 1964 
300 |a 860 s. 
100 1 |a Dubský, Ota